000 01607cam a2200397 a 4500
001 11926456
003 OSt
005 20140310182006.0
008 000301s1971 nyua c 000 1 eng
010 _a 00265370
020 _a0064400042 (pbk.)
040 _aDLC
_cDLC
_dDLC
042 _alcac
050 0 0 _aPZ 7
_b.W673o 1981
082 0 0 _aKF
_bW64o 1981
100 1 _aWilder, Laura Ingalls,
_d1867-1957.
_95486
245 1 0 _aOn the banks of Plum Creek /
_cLaura Ingalls Wilder ; illustrated by Garth Williams.
250 _a1st HarperTrophy ed.
260 _aNew York :
_bHarperTrophy,
_c1981.
300 _a339 p. ;
_bill. ;
_c20 cm.
440 0 _aLittle house
_95487
520 _aLaura and her family move to Minnesota where they live in a dugout until a new house is built and face misfortunes caused by flood, blizzard, and grasshoppers.
541 _j1
562 _eFor circulation. 1 copy available in the collection
586 _aNewbery Honor Book, 1938.
600 1 0 _aWilder, Laura Ingalls,
_d1867-1957
_vJuvenile fiction.
_95488
600 1 1 _aWilder, Laura Ingalls,
_d1867-1957
_vFiction.
_95489
650 1 _aFrontier and pioneer life
_zMinnesota
_vFiction.
_95490
650 1 _aFamily life
_zMinnesota
_vFiction.
_95491
651 1 _aMinnesota
_vFiction.
_95492
700 1 _aWilliams, Garth,
_eill.
_95493
856 4 2 _3Publisher description
_uhttp://www.loc.gov/catdir/description/hc043/00265370.html
906 _a7
_bcbc
_corigcop
_d2
_encip
_f20
_gy-gencatlg
942 _2lcc
_cBK-KF
_kKF
999 _c8057
_d8057